Lyrics to 'Lonesome' by Sabrina Carpenter - Statistics

General Stats
  • This quiz has been taken 74 times
  • The average score is 169 of 185
Answer Stats
Answer % Correct
a
100%
all
100%
can't
100%
I
100%
lonesome
100%
me
100%
me?
100%
my
100%
no
100%
the
100%
to
100%
too?
100%
When
100%
when
100%
with
100%
With
100%
without
100%
you
100%
You
100%
your
100%
And
96%
fall
96%
hear
96%
her
96%
If
96%
in
96%
just
96%
know
96%
leave
96%
love
96%
love?
96%
problems
96%
there's
96%
they
96%
were
96%
Why
96%
Did
93%
else
93%
it
93%
next
93%
somewhere
93%
spell
93%
think
93%
will
93%
give
89%
hands
89%
misery
89%
waist?
89%
was
89%
about
85%
around
85%
cause
85%
even
85%
fuck?
85%
hope
85%
more
85%
of
85%
oh
85%
believed
81%
face
81%
history
81%
one
81%
Tell
81%
tell
81%
than
81%
up
81%
wasn't
81%
you're
81%
escape
78%
how
78%
How
78%
lies
78%
maybe
74%
wanted
74%
keeps
70%
mm
70%
Or
70%
Well
70%
decent
67%
opportunity
67%
wanna
63%
changed
59%
control
56%
Isn't
56%
kind
56%
strange
56%
anything
52%
perceived?
52%
No matching quizzes found
Score Distribution
Percent of People with Each Score
Percentile by Number Answered
Your Score History
You have not taken this quiz